000 00697nam a2200277Ia 4500
005 20260324124551.0
008 008 260324s9999 xx 000 0 eng d
020 _a9780429133121
037 _aEBOOK
040 _aCRL
040 _beng
040 _cCRL
041 _2eng
041 _aeng
084 _qCRL
100 _aSifeng Liu; Benhai Guo; Zhigeng Fang; Hongxing Shi
_91174649
245 0 _aTheory of Science and Technology Transfer and Applications
260 _bTaylor and Francis
260 _c2010
365 _a
365 _b305
856 _uhttp://www.taylorfrancis.com/books/9780429133121
942 _cEBOOK
999 _c1769134
_d1769134